01435nam a2200205 a 4500041000800000100002600008110003700034245007900071260005300150300001100203520081500214650001901029650001801048650002901066650002101095650001001116650001401126662003701140662005201177 aspa aJorgenson, Jeffrey P. bPontificia Universidad Javeriana aEstudios ecológicos sobre osos andinos en el alto Río Ponce, Santander aBogotábInstituto Alexander von Humboldtc2003 a107 p. aEl oso andino (Tremarctos ornatus - Familia Ursidae) se distribuye en las montañas y bosque de los Andes entre Venezuela y el norte de Argentina. Son pocos los estudios ecológicos sobre los osos andinos, debido en gran parte a su comportamiento reservado y el acceso difícil a las zonas donde se encuentran. Sin embargo, hay algunos datos de campo acerca de su alimento, distribución y uso de hábitat. Estos estudios sugieren un papel muy importante para los osos andinos en la dispersión de semillas y el mantenimiento de la biodiversidad en su medio ambiente. Este proyecto tienen tres elementos: cuantificar las interacciones entre los seres humanos y los osos andinos, caracterizar la dieta y dispersión de semillas por los osos andinos y determinar el uso del hábitat por los osos andinos. aConservación aBiodiversidad aDispersión de semillas aActividad humana aDieta aHábitat aColombiacRío FoncebSantander aColombiacSantuario Alto Río PoncebSantander